Evaluaciones ambientales (<de sosteniblidad>) de los acuerdos de liberalización del comercio a nivel nacional (Registro nro. 12309)

Detalles MARC
000 -CABECERA
Campo de control 005020000a22001570004500
090 ## - CLASIFICACIÓN LOCAL
Colección AR
Consecutivo 03256
041 0# - IDIOMA
Código de idioma para texto/pista de sonido o título separado
245 10 - MENCION DE TITULO
Título Evaluaciones ambientales (<de sosteniblidad>) de los acuerdos de liberalización del comercio a nivel nacional
500 ## - NOTA GENERAL
Nota general <COLECCION BIOCOMERCIO>
650 14 - ASIENTO SECUNDARIO DE MATERIA - TERMINO TEMATICO
Término temático o nombre geográfico como elemento de entrada Biocomercio
650 14 - ASIENTO SECUNDARIO DE MATERIA - TERMINO TEMATICO
Término temático o nombre geográfico como elemento de entrada Políticas ambientales
650 14 - ASIENTO SECUNDARIO DE MATERIA - TERMINO TEMATICO
Término temático o nombre geográfico como elemento de entrada Convenios internacionales
650 14 - ASIENTO SECUNDARIO DE MATERIA - TERMINO TEMATICO
Término temático o nombre geográfico como elemento de entrada Uso sostenible
773 1# - Item fuente:
Título Preprint
Especificación de materiales 3
Paginas del Articulo 1-11
Lugar, editorial y fecha de publicación 2000
942 ## - ELEMENTOS ADICIONALES (KOHA)
Tipo de ítem Artículo
Existencias
Withdrawn status Lost status Damaged status No para préstamo Colección Ubicación Permanente Ubicación actual Fecha de adquisición Fuente de Valor Datos de publicación Seriada Total Checkouts Número topográfico Inventario / Código de Barras Date last seen Ejemplar Price effective from Forma de adquisición Tipo de material
      No para Préstamo Hemeroteca Bogotá Bogotá 27/02/2015 Instituto de Ciencias Naturales Fuera de circulación   AR 03256 014137 25/03/2015 1 25/03/2015   Artículo